000
00328nam a2200133Ia 4500
008
150301s2015 xx 000 0 und d
082
_a
615.19
_b
P13A
100
_a
M. ZAFFER AHMAD
245
_a
TEXTBOOK OF PHARMACEUTICAL DRUG ANALYSIS
260
_b
CBS- DELHI
300
_a
252
650
_a
DRUG ANALYSIS
942
_2
ddc
_c
BK
_0
1
999
_c
7076
_d
7076